000 00463nam a2200157 i 4500
001 83543
003 ES-MaACL
005 20230906174841.0
007 t|
008 041117s1911 fr ||||1| fre d
100 1 _aJacob, Louis Frédéric Gustave.
_965830
245 1 3 _aLe calcul mécanique /
_cpar L. Jacob.
260 _aParis :
_bOctave Doin et Fils,
_c1911 (
_eTours :
_fMame)
300 _aXVI, 412 p., XII p. :
_bil. ;
_c19 cm.
852 _aES-MaACL
_jD-4353
999 _c83543
_d83543